|
|
|
|
| LEADER |
00658nta a2200169 i 4500 |
| 001 |
dipl95255 |
| 005 |
20201126131200.0 |
| 008 |
201125s2019 hu om 0|| zxx d |
| 040 |
|
|
|a SZTE Diploma Repozitórium
|b hun
|
| 041 |
|
|
|a zxx
|
| 100 |
1 |
|
|a Kis László Márk
|
| 245 |
1 |
0 |
|a Sportlétesítményekben történő elsősegélynyújtás fejlettsége a mai magyar egészségügy színvonalához képest
|h [elektronikus dokumentum] /
|c László Márk Kis
|
| 260 |
|
|
|c 2019
|
| 650 |
|
4 |
|a Orvos- és egészségtudományok
|
| 650 |
|
4 |
|a Health sciences
|
| 700 |
1 |
|
|a Papp Anita
|e ths
|
| 856 |
4 |
0 |
|u http://diploma.bibl.u-szeged.hu/id/eprint/95255/1/etszk_0362.pdf
|z Dokumentum-elérés
|